Distritos de Rondônia em um Mapa - Statistics

Estatísticas Gerais
  • Esse quiz foi jogado 65 vezes
  • A pontuação média é 23 de 104
Respostas no mapa
Respostas codificadas por cores de uma escala verde-vermelha no mapa do quiz de acordo com a % correta abaixo.
 
Estatísticas das Respostas
Município Distrito % Correto
Porto Velho Porto Velho
85%
Ji-Paraná Ji-Paraná
62%
Ariquemes Ariquemes
59%
Cacoal Cacoal
56%
Vilhena Vilhena
56%
Jaru Jaru
51%
Pimenta Bueno Pimenta Bueno
51%
Guajará-Mirim Guajará-Mirim
46%
Costa Marques Costa Marques
44%
Rolim de Moura Rolim de Moura
44%
Colorado do Oeste Colorado do Oeste
41%
Ouro Preto do Oeste Ouro Preto do Oeste
41%
Nova Mamoré Nova Mamoré
38%
Buritis Buritis
36%
Candeias do Jamari Candeias do Jamari
36%
Cerejeiras Cerejeiras
36%
Itapuã do Oeste Itapuã do Oeste
36%
Cabixi Cabixi
33%
Porto Velho Jaci Paraná
33%
Urupá Urupá
33%
Porto Velho Abunã
31%
Alta Floresta D'Oeste Alta Floresta D'Oeste
31%
Alvorada D'Oeste Alvorada D'Oeste
31%
Cacaulândia Cacaulândia
31%
Cujubim Cujubim
31%
Machadinho D'Oeste Machadinho D'Oeste
31%
Monte Negro Monte Negro
31%
Nova União Nova União
31%
São Miguel do Guaporé São Miguel do Guaporé
31%
Seringueiras Seringueiras
31%
Espigão D'Oeste Espigão D'Oeste
28%
Porto Velho Nova Califórnia
28%
Pimenteiras do Oeste Pimenteiras do Oeste
28%
Presidente Médici Presidente Médici
28%
São Francisco do Guaporé São Francisco do Guaporé
28%
Alto Paraíso Alto Paraíso
26%
Campo Novo de Rondônia Campo Novo de Rondônia
26%
Porto Velho Extrema
26%
Governador Jorge Teixeira Governador Jorge Teixeira
26%
Mirante da Serra Mirante da Serra
26%
Parecis Parecis
26%
São Felipe D'Oeste São Felipe D'Oeste
26%
Teixeirópolis Teixeirópolis
26%
Theobroma Theobroma
26%
Vale do Paraíso Vale do Paraíso
26%
Alto Alegre dos Parecis Alto Alegre dos Parecis
23%
Porto Velho Calama
23%
Chupinguaia Chupinguaia
23%
Corumbiara Corumbiara
23%
Nova Brasilândia D'Oeste Nova Brasilândia D'Oeste
23%
Rio Crespo Rio Crespo
23%
Santa Luzia D'Oeste Santa Luzia D'Oeste
23%
Castanheiras Castanheiras
21%
Ministro Andreazza Ministro Andreazza
21%
Porto Velho Vista Alegre do Abunã
21%
Jaru Bom Jesus
18%
Porto Velho Fortaleza do Abunã
18%
Novo Horizonte do Oeste Novo Horizonte do Oeste
18%
Primavera de Rondônia Primavera de Rondônia
18%
Vale do Anari Vale do Anari
18%
Nova Mamoré Nova Dimensão
15%
Nova Mamoré Araras
13%
Governador Jorge Teixeira Colina Verde
13%
Porto Velho Demarcação
13%
Presidente Médici Estrela de Rondônia
13%
Guajará-Mirim Iata
13%
Porto Velho Mutum Paraná
13%
Porto Velho Nazaré
13%
Espigão D'Oeste Novo Paraíso
13%
Cacoal Riozinho
13%
Porto Velho São Carlos
13%
Machadinho D'Oeste Tabajara
13%
Espigão D'Oeste Nova Esperança
10%
Ouro Preto do Oeste Rondominas
10%
Jaru Santa Cruz da Serra
10%
Guajará-Mirim Surpresa
10%
Alvorada D'Oeste Tancredópolis
10%
Jaru Tarilândia
10%
Alvorada D'Oeste Terra Boa
10%
Espigão D'Oeste Boa Vista do Pacarana
8%
Cacoal Divinópolis
8%
Alta Floresta D'Oeste Filadélfia d'Oeste
8%
Espigão D'Oeste Flor da Serra
8%
Alta Floresta D'Oeste Izidolândia
8%
Nova Mamoré Jacynópolis
8%
Pimenta Bueno Marco Rondon
8%
Ji-Paraná Nova Colina
8%
Alta Floresta D'Oeste Nova Gease d'Oeste
8%
Ji-Paraná Nova Londrina
8%
Presidente Médici Novo Riachuelo
8%
Machadinho D'Oeste Oriente Novo
8%
Costa Marques Príncipe da Beira
8%
Machadinho D'Oeste Quinto BEC
8%
Candeias do Jamari Rio Preto do Candeias
8%
Alta Floresta D'Oeste Rolim de Moura do Guaporé
8%
São Miguel do Guaporé Santana do Guaporé
8%
Alta Floresta D'Oeste Santo Antônio d'Oeste
8%
Presidente Médici Vila Bandeira Branca
8%
Presidente Médici Vila Camargo
8%
Novo Horizonte do Oeste Migrantinópolis
5%
Nova Mamoré Palmeiras
5%
Pimenta Bueno Itaporanga
3%
Nova Mamoré Nova Marechal Rondon
0%
São Francisco do Guaporé Porto Murtinho
0%
Nenhum quiz correspondente encontrado
Distribuição das Pontuações
Porcentagem de Pessoas com Cada Pontuação
Percentil de Números Respondidos
Sua Pontuação Histórica
Você não jogou esse quiz